000
00252nam a2200109Ia 4500
008
190216s9999||||xx |||||||||||||| ||und||
100
_a
Rourt T F
245
2
_a
A History Of Grate British
260
_b
Null
650
_a
History Of Britain
942
_c
BK
999
_c
19035
_d
19035